| 000 | 01504nam a2200241 4500 | ||
|---|---|---|---|
| 003 | CO-ViMGA | ||
| 020 | _a9789587850574 | ||
| 040 |
_aCO-ViMGA _bspa _cCO-ViMGA |
||
| 090 | _aLM TES2 | ||
| 110 |
_aInstitución Educativa Agroindustrial de Quilcacé _913757 |
||
| 245 | 1 | 0 |
_aEl tesoro de Quilcacé _cComunidad Educativa de Quilcacé ; ilustraciones Helman Alirio Hurtado |
| 260 |
_aBogota _bMinisterio de Educación Nacional|bMinisterio de Cultura _c2017 |
||
| 300 |
_a47 p. : _bil. ; color |
||
| 490 | _aPlan Nacional de Lectura y Escritura Leer es mi Cuento | ||
| 490 |
_aRío de letras. Territorios narrados _vv29 |
||
| 500 | _aColección de actualización bibliográfica para la Red de Bibliotecas Públicas del Ministerio de Cultura, Plan Nacional de Lectura y Escritura Leer es mi cuento, 2018 | ||
| 520 | _aEste libro es el resultado de un ejercicio de recopilación oral adelantado por docentes y estudiantes de la IE de esta vereda en El Tambo, en un esfuerzo por acercar a sus estudiantes a la cultura y las creencias de esta comunidad. Con estas historias, docentes y estudiantes, apoyados en el acervo de su biblioteca escolar o municipal, podrán rastrear arquetipos narrativos presentes en otros cuentos de la tradición caucana y latinoamericana... Tomado de la contracubierta | ||
| 650 | 1 | 4 |
_aLeyendas indígenas colombianas _92446 |
| 650 | 1 | 4 |
_aLiteratura indígena colombiana _913737 |
| 650 | 1 | 4 |
_aTradición oral _92171 |
| 700 | 1 |
_aHurtado, Helman Alirio _913758 |
|
| 942 |
_2ddc _cBK |
||
| 999 |
_c11889 _d11889 |
||